Ethnos und Geschichtsschreibung der dreißiger und vierziger Jahre in Deutschland und Ostmitteleuropa

Titel: Ethnos und Geschichtsschreibung der dreißiger und vierziger Jahre in Deutschland und Ostmitteleuropa : Einführende Bemerkungen
Verfasser:
In: Zwischen Konfrontation und Kompromiss, (1995), Seite 11-24
alle Artikel anzeigen
Veröffentlicht: 1995
Format: Aufsatz
Sprache: Deutsch
Kein Bild verfügbar
X
alg: 39295826
001A    $01999:11-11-16 
001B    $01999:12-03-21 $t19:07:36.000 
001D    $01999:11-11-16 
001U    $0utf8 
001X    $00 
002@    $0Aox 
003@    $0392958260 
007A    $0392958260 $aHEB 
007T    $0Herde05401 
010@    $ager 
011@    $a1995 
021A    $aEthnos und Geschichtsschreibung der dreißiger und vierziger Jahre in Deutschland und Ostmitteleuropa $dEinführende Bemerkungen 
028A    $#Von Pistohlkors, Gert $#Pistohlkors, Gert Olof von $7119483459 $8Pistohlkors, Gert$cvon$Z1935- [Tp1] $9087823128 
031A    $h11-24 $j1995 
037A    $aBetr. schwerpunktmäßig Reinhard Wittram 
039B    $aIn $8--Aau--. Zwischen Konfrontation und Kompromiss. - München : Oldenbourg, 1995. - 263 S.. - ISBN 3-486-56047-6 $x199500000000000989 $9050523201 
045F    $a907.209479 $eDDC23BSB 
045F/01 $a907.2 
045F/03 $g479 
045F/03 $g4798 
045F/03 $g4793 

lok: 39295826 78

exp: 39295826 78 1 #EPN
201B/01 $001-10-20 $t22:58:33.000 
201U/01 $0utf8 
203@/01 $0789068567 
208@/01 $a11-11-16 $be 
209A/01 $a/ $f000 $x00 
220C/01 $aTitelaufnehmer: pk 
220C/01 $aHerkunft: Baltische Bibliographie / P. Kaegbein 
244Z/01 $2Trx $#Baltijos šalys $#kraje bałtyckie $#Baltikum $8--Trx--Baltische Länder $x01 $9391352903 
244Z/01 $2Trx $#Estija $#Igaunija $#Estland $#Estonia $#Estonia $#Estónsko $#Estonsko $8--Trx--Eesti $x02 $9391237225 
244Z/01 $2Trx $#Litauen $#Lithuania $#Litwa $#Litva $#Litva $8--Trx--Lietuva $x03 $9391193457 
244Z/01 $2Trx $#Latvija $#Lettland $#Łotwa $#Lotyšsko $8--Trx--Latvija $x04 $9391275879 
244Z/01 $2Trx $#Saksamaa $#Vokietija $#Vācija $#Germany $#Németország $#Niemcy $#Nemecko $#Německo $8--Trx--Deutschland $x05 $9391300032 
244Z/01 $aGeschichte 1930-1949 $x06 
244Z/01 $#Wittram, R. $7118769669 $8--Tp1--Wittram, Reinhard$Z1902-1973 $x07 $9087110318 
244Z/01 $2Trx $#rahvagruppid ja rahvused $#tautinės ir etninės grupės $#ethnic groups $#népcsoportok és nemzetiségek $#grupy narodowościowe i etniczne $#národnosti a etniká $#skupiny etnické a etnika $#Ethnien $#etniká $8--Trx--Volksgruppen und Ethnien $x08 $9391376373 
244Z/01 $2Trx $#Kesk- ja Ida- Euroopa kontseptsioonid $#Vidurio Europos koncepcijos $#East-Central Europe $#Keletközépeurópa-eszmék $#Europa Środkowo-Wschodnia koncepcje $#Európa stredovýchodná koncepcie $#Evropa střední, východní část koncepce $#Mitteleuropa $#Osteuropakonzeptionen $#Europa Środkowa koncepcje $#Stredná Európa koncepcie $#Střední Europa koncepce $8--Trx--Ostmitteleuropakonzeptionen $x09 $9391364286 
244Z/01 $2Trx $8--Trx--Einzelbeiträge $x10 $9391384570 
245Z/01 $a01.04 $x01 
247C/01 $82080>Marburg/Lahn, Herder-Institut, Forschungsbibliothek, Bibliographieportal $9336309341
LEADER 00000caa a22000002c 4500
001 392958260
003 DE-603
005 20210312190736.0
007 tu
008 161111s1995 xx |||| | u00||u|ger c
035 |a (DE-599)HEB392958260 
040 |a DE-603  |b ger  |c DE-603  |d DE-603 
041 |a ger 
082 0 4 |8 1\u  |a 907.209479  |q DE-101  |2 23/BSB 
085 |8 1\u  |b 907.2 
085 |8 1\u  |z 2  |s 479 
085 |8 1\u  |z 2  |s 4798 
085 |8 1\u  |z 2  |s 4793 
100 1 |a Pistohlkors, Gert von  |d 1935-  |0 (DE-603)087823128  |0 (DE-588)119483459  |2 gnd 
245 0 0 |a Ethnos und Geschichtsschreibung der dreißiger und vierziger Jahre in Deutschland und Ostmitteleuropa  |b Einführende Bemerkungen 
264 0 |c 1995 
500 |a Betr. schwerpunktmäßig Reinhard Wittram 
773 0 8 |i In  |t Zwischen Konfrontation und Kompromiss  |d München : Oldenbourg, 1995  |h 263 S.  |z 3486560476  |g (1995), Seite 11-24  |w (DE-603)050523201 
924 0 |9 2080  |a (DE-603)789068567  |b DE-2080  |c HES  |d d  |g /